Economic growth and convergence in a cross-section of economies
Konvergencia ako reálny svetový fenomén. Analýza ekonomického rastu z pohľadu neoklasickej teórie. Absolútna a relatívna konvergencia. Výsledky regresie pre 85 krajín OECD, Latinskej Ameriky, Ázie a Subsaharskej Afriky za obdobie 1960-1992 - divergencia medzi krajinami.
Enregistré dans:
| Auteur principal: | |
|---|---|
| Format: | Chapitre de livre |
| Langue: | anglais |
| Sujets: | |
| Tags: |
Pas de tags, Soyez le premier à ajouter un tag!
|
MARC
| LEADER | 00000naa a2200000 4500 | ||
|---|---|---|---|
| 001 | r034040 | ||
| 005 | 20230929072252.6 | ||
| 041 | 0 | |a eng | |
| 044 | |a SK | ||
| 245 | 1 | 0 | |a Economic growth and convergence in a cross-section of economies |c Menbere Workie Tiruneh |
| 520 | |a Konvergencia ako reálny svetový fenomén. Analýza ekonomického rastu z pohľadu neoklasickej teórie. Absolútna a relatívna konvergencia. Výsledky regresie pre 85 krajín OECD, Latinskej Ameriky, Ázie a Subsaharskej Afriky za obdobie 1960-1992 - divergencia medzi krajinami. | ||
| 610 | 2 | 0 | |a konvergencia |
| 610 | 2 | 0 | |a rast hospodársky |
| 610 | 2 | 0 | |a vyrovnávanie hospodárske |
| 610 | 2 | 0 | |a regresia |
| 610 | 2 | 0 | |a modely |
| 610 | 2 | 0 | |a Latinská Amerika |
| 610 | 2 | 0 | |a Ázia |
| 610 | 2 | 0 | |a Subsahara |
| 610 | 2 | 0 | |a OECD |
| 610 | 2 | 0 | |a ECOWAS |
| 100 | 1 | |a Workie Tiruneh, Menbere | |